000 00410nam a2200157Ia 4500
008 221030s9999 xx 000 0 und d
020 _a007099017
041 _aEnglish
082 _a105.23
_bSpi
100 _aM. R. Spiegal
245 0 _aSchaum`s Theory & Problems of Complex Variables
_cby M. R. Spiegal
260 _bMacmillan
_aNew Delhi
_c2000
300 _a313
650 _aBE Mathematics
942 _cBK
999 _c1303
_d1303